Back Up Groups #2 - Statistics

General Stats
  • This quiz has been taken 12 times
  • The average score is 10 of 15
Answer Stats
Hint Answer % Correct
Alvin Chipmunks
100%
Kool Gang
100%
Derek Dominos
92%
KC Sunshine Band
92%
Paul Revere Raiders
83%
Echo Bunnymen
75%
Martha Reeves Vandellas
75%
Tony Orlando Dawn
67%
Lisa Lisa Cult Jam
58%
Country Joe Fish
42%
Toots Maytals
42%
Harold Melvin Blue Notes
33%
Grandmaster Flash Furious Five
33%
Bill Haley His Comets
33%
Little Anthony Imperials
33%
No matching quizzes found
Score Distribution
Percent of People with Each Score
Percentile by Number Answered
Your Score History
You have not taken this quiz